Traffic analysis and design of wireless IP networks-(E-BOOK) (Record no. 192037)
[ view plain ]
| 000 -LEADER | |
|---|---|
| fixed length control field | 01209 a2200229 4500 |
| 003 - CONTROL NUMBER IDENTIFIER | |
| control field | Nust |
| 005 - DATE AND TIME OF LATEST TRANSACTION | |
| control field | 20170207154029.0 |
| 010 ## - LIBRARY OF CONGRESS CONTROL NUMBER | |
| LC control number | 2003041890 |
| 020 ## - INTERNATIONAL STANDARD BOOK NUMBER | |
| International Standard Book Number | 1580533310 (alk. paper) |
| 040 ## - CATALOGING SOURCE | |
| Transcribing agency | Nust |
| 082 00 - DEWEY DECIMAL CLASSIFICATION NUMBER | |
| Classification number | 621.382/15 |
| 100 1# - MAIN ENTRY--PERSONAL NAME | |
| Personal name | Janevski, Toni. |
| 245 10 - TITLE STATEMENT | |
| Title | Traffic analysis and design of wireless IP networks-(E-BOOK) |
| Statement of responsibility, etc. | Toni Janevski. |
| 260 ## - PUBLICATION, DISTRIBUTION, ETC. | |
| Place of publication, distribution, etc. | Boston : |
| Name of publisher, distributor, etc. | Artech House, |
| Date of publication, distribution, etc. | c2003. |
| 300 ## - PHYSICAL DESCRIPTION | |
| Extent | xvi, 368 p. : |
| Other physical details | ill. ; |
| Dimensions | 24 cm. |
| 440 #0 - SERIES STATEMENT/ADDED ENTRY--TITLE | |
| Title | Artech House mobile communications series |
| 505 ## - FORMATTED CONTENTS NOTE | |
| Formatted contents note | Introduction 1 Third Generation Wireless Mobile Communications and Beyond 9 Wireless Mobile Internet 53 Teletraffic Theory 91 Characterization and Classification of IP Traffic 135 Architecture for Mobile IP Networks with Multiple Traffic Classes 167 Analytical Analysis of Multimedia Mobile Networks 199 Admission Control with QoS Support in Wireless IP Networks 239 Performance Analysis of Cellular IP Networks 271 Handover Agents for QoS Support 299 QoS Provisioning in Wireless IP Networks Through Class-Based Queuing 323 Conclusions 351 |
| 650 #0 - SUBJECT ADDED ENTRY--TOPICAL TERM | |
| Topical term or geographic name entry element | Mobile communication systems. |
| 650 #0 - SUBJECT ADDED ENTRY--TOPICAL TERM | |
| Topical term or geographic name entry element | Telecommunication |
| General subdivision | Traffic. |
| 650 #0 - SUBJECT ADDED ENTRY--TOPICAL TERM | |
| Topical term or geographic name entry element | Wireless communication systems. |
| 651 ## - SUBJECT ADDED ENTRY--GEOGRAPHIC NAME | |
| Geographic name | E-BOOK |
| 942 ## - ADDED ENTRY ELEMENTS (KOHA) | |
| Source of classification or shelving scheme | |
| Koha item type | Book |
| Withdrawn status | Lost status | Source of classification or shelving scheme | Damaged status | Not for loan | Collection code | Permanent Location | Current Location | Date acquired | Total Checkouts | Full call number | Barcode | Date last seen | Price effective from | Koha item type |
|---|---|---|---|---|---|---|---|---|---|---|---|---|---|---|
| Military College of Signals (MCS) | Military College of Signals (MCS) | 12/12/2016 | 621.38215 JAN | MCSEB-816 | 12/08/2016 | 12/12/2016 | Book |
